[Event "CRO-chT3 South"]
[Site "Dubrovnik"]
[Date "2013.10.19"]
[Round "6.4"]
[White "Andromak, Franino"]
[Black "Mikecin, Gojko"]
[Result "1-0"]
[WhiteElo "1809"]
[BlackElo "1691"]
[PlyCount "56"]
[EventDate "2013.04.27"]
[EventType "team-tourn"]
[EventRounds "7"]
[EventCountry "CRO"]
[SourceTitle "EXT 2014"]
[Source "ChessBase"]
[SourceDate "2013.11.20"]
[SourceVersion "1"]
[SourceVersionDate "2013.11.20"]
[SourceQuality "1"]
[WhiteTeam "Kastel"]
[BlackTeam "Novigrad"]
[WhiteTeamCountry "CRO"]
[BlackTeamCountry "CRO"]

1. d4 d5 2. Nf3 Nf6 3. e3 e6 4. c4 c5 5. Be2 Bd6 6. Nc3 b6 7. Nb5 0-0 8. 0-0 a6 9. Nxd6 Qxd6 10. b3 Bb7 11. Ba3 Nbd7 12. Rc1 dxc4 13. Bxc4 Ng4 14. dxc5 Qb8 15. Qd6 Qxd6 16. cxd6 Bxf3 17. gxf3 Nge5 18. Be2 b5 19. f4 Ng6 20. Rc7 Rfd8 21. Rfc1 Rab8 22. Ra7 Rb6 23. Rcc7 Ngf8 24. Bb4 Nf6 25. Rxf7 Rd7 26. Re7 Rxe7 27. dxe7 Ng6 28. Ra8+ Kf7 1-0

[Event "CRO-chT3 South"]
[Site "Dubrovnik"]
[Date "2013.05.04"]
[Round "2.4"]
[White "Mikecin, Gojko"]
[Black "Peric, Mijo"]
[Result "0-1"]
[WhiteElo "1691"]
[BlackElo "1933"]
[PlyCount "64"]
[EventDate "2013.04.27"]
[EventType "team-tourn"]
[EventRounds "7"]
[EventCountry "CRO"]
[SourceTitle "EXT 2014"]
[Source "ChessBase"]
[SourceDate "2013.11.20"]
[SourceVersion "1"]
[SourceVersionDate "2013.11.20"]
[SourceQuality "1"]
[WhiteTeam "Novigrad"]
[BlackTeam "Split Bacvice"]
[WhiteTeamCountry "CRO"]
[BlackTeamCountry "CRO"]

1. e4 e6 2. d4 d5 3. e5 c5 4. c3 Nc6 5. Nf3 Qb6 6. Bd3 Bd7 7. 0-0 cxd4 8. cxd4 Nxd4 9. Nc3 Nxf3+ 10. Qxf3 Ne7 11. a4 Ng6 12. Re1 a6 13. Rb1 Bb4 14. Re2 0-0 15. Bd2 Bc6 16. Qg3 Rac8 17. h4 Kh8 18. h5 Ne7 19. Bg5 Nf5 20. Qf4 Qd4 21. Qd2 Qg4 22. Bxf5 Qxf5 23. h6 g6 24. Bf6+ Kg8 25. Qd1 Bxc3 26. bxc3 Bxa4 27. Qe1 Rxc3 28. Rxb7 d4 29. Reb2 Qf4 30. Bg7 Rfc8 31. Rb8 Bb5 32. Qxc3 Rxb8 0-1